| 000 | 00681nam a22002297a 4500 | ||
|---|---|---|---|
| 005 | 20170124110254.0 | ||
| 010 | _aB-216342 | ||
| 020 |
_c595.00 _a8189557084 |
||
| 035 | _aB-216342 | ||
| 037 | _bCen Lib/Ret | ||
| 040 |
_aDPL _bEN |
||
| 082 |
_a376.076 _bBHA |
||
| 100 |
_aBhandari, Sarita _9101597 |
||
| 245 |
_aProblems of women's education / _cby Sarita Bhandari |
||
| 246 | _b | ||
| 260 |
_bNew Delhi _aArise Publishers _c2005 |
||
| 270 |
_a4648/1, 21 ansari Raod Darya Ganj _bNew Delhi _e110002 |
||
| 300 |
_a256p. _c21m(Hb) |
||
| 650 |
_a Education -- Women. _9101598 |
||
| 650 |
_a Women -- Education. _98597 |
||
| 942 |
_2ddc _cEN _h376.076 _mBHA |
||
| 999 |
_c136080 _d136080 |
||